[Event "Sauerland Bezirksliga 0203"]
[Site "Sauerland"]
[Date "2003.01.26"]
[Round "5"]
[White "Droege, Lukas"]
[Black "Reininghaus, Ralf"]
[Result "1-0"]
[WhiteElo "1570"]
[BlackElo "1595"]
[PlyCount "49"]
[EventDate "2002.09.01"]
[EventType "team-tourn"]
[EventRounds "7"]
[EventCountry "GER"]
[SourceTitle "EXT 2007"]
[Source "ChessBase"]
[SourceDate "2006.11.23"]
[SourceVersion "1"]
[SourceVersionDate "2006.11.23"]
[SourceQuality "1"]
[WhiteTeam "Attendorn"]
[BlackTeam "Halver II"]
[WhiteTeamCountry "GER"]
[BlackTeamCountry "GER"]

1. d4 c5 2. d5 d6 3. c4 e6 4. Nc3 Nf6 5. e4 h6 6. Bd3 Be7 7. Nge2 0-0 8. 0-0 Nbd7 9. Ng3 Ne5 10. Be2 exd5 11. exd5 Bg4 12. Bxg4 Nexg4 13. f4 h5 14. Nxh5 Nxh5 15. Qxg4 Nf6 16. Qg3 Nh5 17. Qf3 g6 18. f5 Kg7 19. g4 Nf6 20. g5 Nh5 21. f6+ Nxf6 22. gxf6+ Bxf6 23. Bh6+ Kxh6 24. Qxf6 Qd7 25. Rf4 1-0

[Event "Sauerland Bezirksliga 0102"]
[Site "Sauerland"]
[Date "2001.12.16"]
[Round "3"]
[White "Mirus, Lothar"]
[Black "Droege, Lukas"]
[Result "0-1"]
[WhiteElo "1396"]
[BlackElo "1051"]
[PlyCount "124"]
[EventDate "2001.09.23"]
[EventType "team-tourn"]
[EventRounds "7"]
[EventCountry "GER"]
[SourceTitle "EXT 2007"]
[Source "ChessBase"]
[SourceDate "2006.11.23"]
[SourceVersion "1"]
[SourceVersionDate "2006.11.23"]
[SourceQuality "1"]
[WhiteTeam "Attendorn"]
[BlackTeam "Halver II"]
[WhiteTeamCountry "GER"]
[BlackTeamCountry "GER"]

1. e4 c5 2. Nf3 Nc6 3. d4 cxd4 4. Nxd4 g6 5. Nc3 Bg7 6. Nxc6 bxc6 7. Bd2 e6 8. Bd3 Ne7 9. 0-0 0-0 10. Rb1 f5 11. f4 fxe4 12. Bxe4 Ba6 13. Rf3 d5 14. Bd3 Qb6+ 15. Kh1 Bb7 16. Na4 Qc7 17. Nc5 Bc8 18. Qf1 e5 19. fxe5 Bg4 20. Rxf8+ Rxf8 21. Qg1 Bxe5 22. h3 Nf5 23. Bxf5 Bxf5 24. Rf1 Bxb2 25. Qe3 Qe5 26. Qxe5 Bxe5 27. c3 Rb8 28. Nb3 h5 29. Bf4 Re8 30. Bxe5 Rxe5 31. Nd4 c5 32. Nc6 Re2 33. Nxa7 Rxa2 34. Nc6 Re2 35. Kg1 Kg7 36. Rf2 Rxf2 37. Kxf2 Be4 38. g3 Kf6 39. Na7 d4 40. cxd4 cxd4 41. Nb5 Ke5 42. Ke2 Kd5 43. Nc7+ Ke5 44. Nb5 g5 45. Kd2 Bc6 46. Nc7 Bd7 47. h4 gxh4 48. gxh4 Ke4 49. Na6 Bb5 50. Nc5+ Kf4 51. Nb3 Ke4 52. Nc5+ Kd5 53. Nb7 Ke5 54. Nd8 Kf4 55. Nf7 Bf1 56. Ke1 Ba6 57. Kd2 d3 58. Nh6 Kf3 59. Nf7 Kg4 60. Ke3 Kxh4 61. Ne5 Kg3 62. Nf3 h4 0-1